00549nmm a2200193Ia 4500008004100000020001800041041000800059100002100067245004500088264004200133300001800175490002000193650002100213700002100234700002500255856005100280942000700331999001700338251105s9999||||xx |||||||||||||||||und|| a9788498418316 aspa aPressler, Mirjam 0aNatán y sus hijos :b Jerusalén 1192 a[Madrid, España] :bSiruela, c2013 a214 páginas aLas tres edades aOther narratives aPressler, Mirjam1 a Castelló, Alfonso uhttps://public.digitaliapublishing.com/a/31903 cCF c70180d70180